000 00313nam a2200121Ia 4500
008 191206s9999 xx 000 0 und d
090 _aDG811.L57
245 0 _aRome in the Dark Ages
260 _aPraeger
260 _cc"[1971, c1970]"
300 _a"324 p. illus., maps. 23 cm."
999 _c16836
_d16836